000 00686nam a2200193 a 4500
001 000041235
005 20201002034724.0
008 130926s1983 sp 000 0 spa d
020 _a8400055268
040 _aDO-SdBNP
_bspa
_cBNPHU
100 1 _aAguado Villalba, José
_967823
245 1 3 _aLa ceramica Hispanomusulmana de Toledo /
_cJosé Aguado Villalba.
260 _aMadrid :
_bCSIC,
_c1983.
300 _a88 p., XXXII h. de lám. :
_bil. ;
_c23 cm.
490 1 _aArtes y artistas
504 _aIncluye referencias bibliográficas y notas al pie de las páginas
710 2 _aConsejo Superior de Investigaciones Científicas, (España)
_963834
830 0 _aArtes y artistas
_967824
999 _c40725
_d40725